000 01141nam a2200229Ia 4500
003 OSt
005 20210804140607.0
008 210310s1980 ck ad fr 000 0 spa d
040 _aCO-JMCR
_cCO-JMCR
041 0 _aspa
082 0 4 _a332.175309861 /
_bF293m
_223
110 2 _aFederación Nacional de Cafeteros de Colombia
_936376
245 1 4 _aLos medios de pago y la base monetaria en Colombia 1923-1979 /
_cFederación Nacional de Cafeteros de Colombia
260 _aBogotá :
_bFondo Cultural Cafetero,
_c1980
300 _a152 páginas,[5] hojas plegables :
_bilustraciones y gráficas a color ;
_c24 cm
500 _aIncluye notas a pie de página.
504 _aBibliografía: páginas 151-152
505 0 _aSíntesis teórica y metodológica -- Evolución de los medios de pago durante el periodo 1923-1979 -- La evolución de la base monetaria durante el periodo 1932-1979 -- El sector cafetero y su influencia en la expansión de la base monetaria y los medios de pago (M) 1968-1979
650 1 4 _aSistemas de pago
_916689
_y1923-1979
_zColombia
650 2 4 _aPréstamos bancarios
_y1923-1979
_zColombia
_939051
942 _2ddc
_cBK
999 _c8229
_d8229